[Event "26th EUR-ch"]
[Site "Katowice POL"]
[Date "2026.04.14"]
[Round "7.78"]
[White "Zielonka, Adam"]
[Black "Patrelakis, Evaggelos"]
[Result "1/2-1/2"]
[WhiteElo "2350"]
[BlackElo "2490"]
[EventDate "2026.04.07"]
[PlyCount "58"]

1.e4 e6 2.d4 d5 3.Nc3 a6 4.Nf3 Nf6 5.Bd3 c5 6.exd5 exd5 7.dxc5 Bxc5 8.O-O 
O-O 9.h3 h6 10.Bf4 Re8 11.Re1 Be6 12.Qd2 Nc6 13.a3 Bf8 14.Rad1 Rc8 15.Ne5 
Na5 16.b4 Nc4 17.Nxc4 dxc4 18.Be2 Qxd2 19.Rxd2 Bf5 20.Be3 a5 21.bxa5 Bxa3 
22.Rb1 Ne4 23.Nxe4 Bxe4 24.Bf3 c3 25.Re2 Bxf3 26.gxf3 Bb2 27.Rbe1 f6 28.
Bb6 Kf7 29.Rxe8 Rxe8 1/2-1/2

[Event "26th EUR-ch"]
[Site "Katowice POL"]
[Date "2026.04.14"]
[Round "7.79"]
[White "Nemec, Jachym"]
[Black "Morkunas, Gustas"]
[Result "0-1"]
[WhiteElo "2482"]
[BlackElo "2350"]
[EventDate "2026.04.07"]
[PlyCount "90"]

1.d4 d5 2.c4 dxc4 3.Nf3 Nf6 4.e3 e6 5.Bxc4 c5 6.O-O a6 7.a4 Nc6 8.Nc3 Be7 
9.dxc5 Bxc5 10.Qxd8+ Kxd8 11.e4 Ng4 12.a5 Bb4 13.h3 Nge5 14.Nxe5 Nxe5 15.
Be2 Bd7 16.f4 Nc6 17.Be3 Ke7 18.Bb6 Rhc8 19.Ra4 f6 20.e5 Bxc3 21.bxc3 Nxe5
22.Rd4 Ng6 23.Rfd1 Nf8 24.Bc4 Bb5 25.Bxb5 axb5 26.Rb4 Rxc3 27.Rxb5 Nd7 28.
Bf2 Rc7 29.Be1 Ra6 30.Bb4+ Kd8 31.Bd6 Rcc6 32.Bf8 b6 33.axb6 Raxb6 34.Rh5 
Ke8 35.Bxg7 Rc2 36.Rd3 Nc5 37.Rg3 Ne4 38.Re3 Rb1+ 39.Kh2 f5 40.Rxh7 Rcc1 
41.Rxe4 fxe4 42.Bd4 Rh1+ 43.Kg3 Rb3+ 44.Kf2 Rd1 45.Bc5 Rc1 0-1

[Event "26th EUR-ch"]
[Site "Katowice POL"]
[Date "2026.04.14"]
[Round "7.80"]
[White "Gagic, Milan"]
[Black "Babazada, Khazar"]
[Result "0-1"]
[WhiteElo "2337"]
[BlackElo "2480"]
[EventDate "2026.04.07"]
[PlyCount "90"]

1.Nf3 Nf6 2.g3 g6 3.b3 Bg7 4.Bb2 O-O 5.Bg2 d6 6.d4 Nc6 7.O-O Bg4 8.h3 Bxf3
9.Bxf3 Nd7 10.Bg2 a5 11.c4 a4 12.e3 e5 13.Na3 Re8 14.Qd2 e4 15.b4 f5 16.
Nb5 h5 17.a3 Kh7 18.Rac1 h4 19.gxh4 Nf6 20.d5 Ne5 21.Bxe5 Rxe5 22.Nd4 Bh6 
23.Ne6 Qe7 24.Qd4 Rg8 25.Kh1 b6 26.Rc2 Kh8 27.Rg1 Ng4 28.c5 bxc5 29.bxc5 
Qxh4 30.cxd6 cxd6 31.Rf1 Nf6 32.Rc7 Rxd5 33.Qb2 Re5 34.Nd4 f4 35.exf4 Bxf4
36.Rf7 Rh5 37.Nc6 Rf5 38.Ne7 Be5 39.Qc1 Rf3 40.Kg1 Rxh3 41.Re1 Rh1+ 42.
Bxh1 Qh2+ 43.Kf1 Qxh1+ 44.Ke2 Qf3+ 45.Kf1 Qh3+ 0-1

[Event "26th EUR-ch"]
[Site "Katowice POL"]
[Date "2026.04.14"]
[Round "7.81"]
[White "Zakin, Ilay"]
[Black "Sipila, Vilka"]
[Result "1-0"]
[WhiteElo "2330"]
[BlackElo "2479"]
[EventDate "2026.04.07"]
[PlyCount "120"]

1.e4 e6 2.d4 d5 3.Nc3 Bb4 4.e5 c5 5.a3 Bxc3+ 6.bxc3 Nc6 7.Qg4 g6 8.Bd3 Qa5
9.Bd2 Qa4 10.Nf3 c4 11.Be2 Qxc2 12.O-O h6 13.Rfe1 Nge7 14.Qh3 Qa4 15.Reb1 
Qa5 16.a4 Qc7 17.Bg5 Ng8 18.Nd2 f6 19.exf6 Qf7 20.Re1 Rh7 21.Bf4 Nxf6 22.
Bd6 Qd7 23.Qg3 g5 24.Nxc4 dxc4 25.Bxc4 Nh5 26.Qd3 Qxd6 27.Qxh7 Nf4 28.d5 
Nxd5 29.Bxd5 Qxd5 30.Qg8+ Ke7 31.Qg7+ Ke8 32.Qg6+ Ke7 33.Rad1 Qc5 34.Qg7+ 
Ke8 35.Qh8+ Qf8 36.Qh7 Ne7 37.Qd3 Kf7 38.Re3 Kg8 39.Rf3 Qe8 40.h4 e5 41.
Qc4+ Kg7 42.hxg5 hxg5 43.Qc7 Bg4 44.Qxe5+ Kg8 45.Rd6 Bxf3 46.Qxg5+ Kf8 47.
Rf6+ Qf7 48.Rxf7+ Kxf7 49.Qf4+ Ke6 50.Qxf3 Nc6 51.Qe4+ Kd6 52.f4 a6 53.f5 
b5 54.axb5 axb5 55.Qe6+ Kc5 56.f6 Ra1+ 57.Kf2 Rd1 58.f7 Rd2+ 59.Ke1 Rd8 
60.Qe8 Kd5 1-0

[Event "26th EUR-ch"]
[Site "Katowice POL"]
[Date "2026.04.14"]
[Round "7.82"]
[White "Trushko, Andrii"]
[Black "Bazakutsa, Svyatoslav"]
[Result "0-1"]
[WhiteElo "2325"]
[BlackElo "2477"]
[EventDate "2026.04.07"]
[PlyCount "92"]

1.d4 Nf6 2.c4 g6 3.f3 Bg7 4.e4 d6 5.Nc3 O-O 6.Bd3 Nfd7 7.Nge2 e5 8.d5 Qh4+
9.g3 Qh3 10.Kf2 Bh6 11.Bxh6 Qxh6 12.Qc1 Qh3 13.Ng1 Qh5 14.h4 f5 15.Qg5 
Qxg5 16.hxg5 Nc5 17.Bc2 a5 18.exf5 Bxf5 19.Bxf5 Rxf5 20.Ke3 Nba6 21.Nh3 a4
22.g4 Rf7 23.Nf2 Nb4 24.Rac1 a3 25.b3 Kg7 26.Ke2 c6 27.Rhd1 Raf8 28.Nfe4 
Rxf3 29.Nxc5 Rf2+ 30.Ke3 R2f3+ 31.Ke2 dxc5 32.dxc6 Nxc6 33.Rd7+ R8f7 34.
Rxf7+ Rxf7 35.Ke3 Rf4 36.Na4 Rxg4 37.Nxc5 b6 38.Ne4 Rg2 39.Rf1 Rxa2 40.Rf6
Na5 41.Rxb6 Rb2 42.Ra6 Rxb3+ 43.Ke2 Nxc4 44.Ra7+ Kf8 45.Nf6 e4 46.Rd7 Re3+
0-1

[Event "26th EUR-ch"]
[Site "Katowice POL"]
[Date "2026.04.14"]
[Round "7.83"]
[White "Yilmaz, Baver"]
[Black "Olsen, Filip Boe"]
[Result "0-1"]
[WhiteElo "2321"]
[BlackElo "2474"]
[EventDate "2026.04.07"]
[PlyCount "98"]

1.e4 c5 2.Nf3 d6 3.d4 cxd4 4.Nxd4 Nf6 5.Nc3 a6 6.Bg5 e6 7.f4 h6 8.Bh4 Nbd7
9.Qf3 e5 10.Nf5 exf4 11.Nd5 g5 12.Qc3 Nxd5 13.Qxh8 Qf6 14.Qxf6 N5xf6 15.
Bf2 Nxe4 16.Bd3 Ndc5 17.g4 fxg3 18.Nxg3 Nxd3+ 19.cxd3 Nxf2 20.Kxf2 Bg7 21.
Rae1+ Be6 22.b3 Kd7 23.h4 Bd4+ 24.Ke2 Rc8 25.Rc1 Re8 26.Kd2 Bd5 27.Ne4 f5 
28.hxg5 fxe4 29.dxe4 Rxe4 30.gxh6 Be3+ 31.Kc2 Re8 32.h7 Be4+ 33.Kc3 Rc8+ 
34.Kb4 Bd2+ 35.Ka4 b5+ 36.Ka3 Bxc1+ 37.Rxc1 Bxh7 38.Rg1 Rg8 39.Rf1 Be4 40.
Kb4 Rg2 41.Ra1 Kc6 42.Ka5 d5 43.Kxa6 d4 44.a4 b4 45.Re1 Kd5 46.Kb5 d3 47.
a5 d2 48.Ra1 Bf3 49.a6 d1=Q 0-1

[Event "26th EUR-ch"]
[Site "Katowice POL"]
[Date "2026.04.14"]
[Round "7.84"]
[White "Akbas, Umut Ata"]
[Black "Csiki, Endre"]
[Result "1-0"]
[WhiteElo "2470"]
[BlackElo "2339"]
[EventDate "2026.04.07"]
[PlyCount "59"]

1.e4 e5 2.Nf3 Nc6 3.Bb5 Nf6 4.O-O Nxe4 5.Re1 Nd6 6.a4 Be7 7.Nc3 O-O 8.d4 
e4 9.Nxe4 Nxe4 10.Rxe4 d5 11.Re1 Bd6 12.c3 Ne7 13.Bd3 Bf5 14.Bxf5 Nxf5 15.
Qb3 Rb8 16.Bg5 Qd7 17.Re2 c6 18.Rae1 h6 19.Bd2 Ne7 20.g3 Ng6 21.Kg2 Bf4 
22.h3 Bxd2 23.Rxd2 Rfe8 24.Rde2 Rxe2 25.Rxe2 b6 26.a5 Qc7 27.axb6 axb6 28.
Qa3 Qd7 29.Qa6 b5 30.Ne5 1-0

[Event "26th EUR-ch"]
[Site "Katowice POL"]
[Date "2026.04.14"]
[Round "7.85"]
[White "Culum, Sanjin"]
[Black "Dubnevych, Maksym"]
[Result "1/2-1/2"]
[WhiteElo "2460"]
[BlackElo "2341"]
[EventDate "2026.04.07"]
[PlyCount "67"]

1.d4 d5 2.c4 e6 3.Nf3 dxc4 4.e3 a6 5.Bxc4 Nf6 6.O-O c5 7.Qe2 Nc6 8.dxc5 
Bxc5 9.Rd1 Qc7 10.a3 b5 11.Bd3 Bb7 12.Nbd2 Be7 13.e4 Rd8 14.Nb3 O-O 15.e5 
Nd5 16.Qe4 f5 17.exf6 Nxf6 18.Qxe6+ Kh8 19.Qe2 Ng4 20.Be4 Rxf3 21.Rxd8+ 
Nxd8 22.Qxf3 Qxh2+ 23.Kf1 Qh4 24.Ke2 Bxe4 25.Qxe4 Qxf2+ 26.Kd1 Qf1+ 27.Kc2
Nf2 28.Qd5 Nc6 29.Bd2 Qc4+ 30.Qxc4 bxc4 31.Na5 Nd4+ 32.Kc3 Ne4+ 33.Kxd4 
Nxd2 34.Kc3 1/2-1/2

[Event "26th EUR-ch"]
[Site "Katowice POL"]
[Date "2026.04.14"]
[Round "7.86"]
[White "Druska, Juraj"]
[Black "Krawczyk, Flawian"]
[Result "1/2-1/2"]
[WhiteElo "2458"]
[BlackElo "2329"]
[EventDate "2026.04.07"]
[PlyCount "53"]

1.b3 d5 2.Bb2 Bf5 3.d3 c6 4.Nd2 Nf6 5.g3 Nbd7 6.Bg2 e5 7.e4 Bg4 8.Ngf3 d4 
9.h3 Bxf3 10.Qxf3 Bb4 11.a3 Bd6 12.O-O Qe7 13.Qe2 b5 14.f4 Rc8 15.fxe5 
Bxe5 16.Nf3 c5 17.Nxe5 Nxe5 18.a4 b4 19.Rf5 Nfd7 20.Raf1 Rc6 21.Bc1 g6 22.
R5f2 h5 23.Rf4 g5 24.Rf5 f6 25.h4 g4 26.R1f2 Kf7 27.Rf1 1/2-1/2

[Event "26th EUR-ch"]
[Site "Katowice POL"]
[Date "2026.04.14"]
[Round "7.87"]
[White "Tutisani, Noe"]
[Black "Hercegovac, Neven"]
[Result "1/2-1/2"]
[WhiteElo "2454"]
[BlackElo "2325"]
[EventDate "2026.04.07"]
[PlyCount "86"]

1.Nf3 c5 2.b3 Nf6 3.Bb2 Nc6 4.c4 d5 5.cxd5 Nxd5 6.Nc3 e5 7.e3 Nxc3 8.Bxc3 
Bd6 9.Bb5 Bd7 10.Qb1 Qe7 11.Qb2 f6 12.O-O O-O-O 13.a3 Kb8 14.b4 Nd4 15.
exd4 cxd4 16.Bxd7 Qxd7 17.Bxd4 exd4 18.Rfe1 g5 19.Rac1 g4 20.Nh4 Rc8 21.g3
Be5 22.Qb1 d3 23.Ng2 h5 24.Qb3 Rhd8 25.Rxc8+ Rxc8 26.Re3 Rc1+ 27.Ne1 a6 
28.Kf1 Qc6 29.f3 h4 30.Qxd3 hxg3 31.hxg3 gxf3 32.Rxf3 Qe6 33.Qe3 Qh3+ 34.
Ke2 Qh2+ 35.Qf2 Qh1 36.Nd3 Qd1+ 37.Ke3 Qb3 38.Ke2 Qd1+ 39.Ke3 Qb3 40.Ke2 
Qc4 41.Qc5 Qe4+ 42.Qe3 Qc4 43.Qc5 Qe4+ 1/2-1/2

[Event "26th EUR-ch"]
[Site "Katowice POL"]
[Date "2026.04.14"]
[Round "7.88"]
[White "Tsolakidou, Stavroula"]
[Black "Fiedorek, Michal"]
[Result "1-0"]
[WhiteElo "2452"]
[BlackElo "2323"]
[EventDate "2026.04.07"]
[PlyCount "69"]

1.e4 c6 2.d4 d5 3.e5 c5 4.Nf3 cxd4 5.Qxd4 Nc6 6.Qf4 f6 7.Qg3 g5 8.Bb5 Nh6 
9.Nd4 Qb6 10.Qc3 fxe5 11.Nxc6 Qxb5 12.Nxa7 Qd7 13.Nxc8 Rxc8 14.Qxe5 Rxc2 
15.Nc3 Ng4 16.Qxd5 Qxd5 17.Nxd5 Nxf2 18.O-O Nd3 19.Be3 Bg7 20.Rad1 Nxb2 
21.Rc1 Rxc1 22.Rxc1 Kf7 23.Rc7 Rd8 24.Nxe7 Ke6 25.Nc6 Rd1+ 26.Kf2 Bf6 27.
Rxb7 Kd5 28.Ne7+ Ke4 29.Rb4+ Kd3 30.Nd5 Kc2 31.Rb5 Bg7 32.Bxg5 Ra1 33.Ke2 
Nc4 34.Rc5 Rxa2 35.Nb4+ 1-0

[Event "26th EUR-ch"]
[Site "Katowice POL"]
[Date "2026.04.14"]
[Round "7.89"]
[White "Gibala, Adam"]
[Black "Willow, Jonah"]
[Result "0-1"]
[WhiteElo "2317"]
[BlackElo "2452"]
[EventDate "2026.04.07"]
[PlyCount "121"]

1.c4 Nf6 2.Nc3 c5 3.Nf3 Nc6 4.e3 a6 5.d4 cxd4 6.exd4 d5 7.h3 dxc4 8.Bxc4 
e6 9.O-O Be7 10.a3 O-O 11.Bg5 b5 12.Ba2 Bb7 13.Qd3 Rc8 14.Rac1 Na5 15.Ne5 
Nd5 16.Bd2 Nxc3 17.Bxc3 Nc4 18.Qg3 Qd5 19.Ng4 Qg5 20.f4 Qg6 21.Bb1 f5 22.
Kh2 Qh5 23.Ne5 Bh4 24.Qd3 Be4 25.Qd1 Qxd1 26.Rfxd1 Bxb1 27.Rxb1 Rfd8 28.
Nd3 Be7 29.Ra1 Ne3 30.Re1 Nc2 31.Rxe6 Kf7 32.Rae1 Nxe1 33.Rxe1 Bd6 34.Ne5+
Bxe5 35.Rxe5 g6 36.g4 fxg4 37.hxg4 Re8 38.Rd5 Red8 39.Re5 Re8 40.Rd5 Re2+ 
41.Kg3 Rce8 42.f5 gxf5 43.Rxf5+ Kg6 44.d5 R8e3+ 45.Kf4 Re4+ 46.Kg3 Rg2+ 
47.Kf3 Rexg4 48.Rf6+ Kg5 49.Rf7 R2g3+ 50.Ke2 Rh3 51.Rg7+ Kf5 52.Rf7+ Ke4 
53.d6 Rg2+ 54.Kf1 Rc2 55.Kg1 Rd3 56.Re7+ Kf5 57.Re5+ Kf4 58.Re1 Kf5 59.
Re5+ Kg4 60.Re4+ Kf3 61.Re6 0-1

[Event "26th EUR-ch"]
[Site "Katowice POL"]
[Date "2026.04.14"]
[Round "7.90"]
[White "Hnydiuk, Aleksander"]
[Black "Sousa, Andre Ventura"]
[Result "0-1"]
[WhiteElo "2314"]
[BlackElo "2447"]
[EventDate "2026.04.07"]
[PlyCount "131"]

1.Nf3 Nf6 2.c4 e6 3.g3 d5 4.d4 Be7 5.Bg2 O-O 6.Qc2 a5 7.O-O a4 8.Ne5 c6 9.
Rd1 Nbd7 10.Nc3 a3 11.e4 dxe4 12.Nxe4 Nxe4 13.Bxe4 f5 14.Nxd7 Qxd7 15.Bg2 
Bf6 16.Bf4 axb2 17.Qxb2 Rd8 18.Qb3 Bxd4 19.Bg5 Bxa1 20.Bxd8 Bd4 21.Bb6 e5 
22.Bxd4 exd4 23.Qb6 Ra6 24.Qc5 d3 25.Bf1 d2 26.a3 Kf7 27.Qb4 Qe7 28.c5 b5 
29.Rxd2 Be6 30.Rd6 Ra4 31.Qc3 Bd5 32.Bxb5 Re4 33.Bf1 Re1 34.Qd2 Qe5 35.f3 
h6 36.Kf2 Rb1 37.Be2 Rh1 38.Kg2 Ra1 39.Kf2 Rxa3 40.Qf4 Qxf4 41.gxf4 Rc3 
42.h4 Rxc5 43.Ke3 Be6 44.Rd8 Ke7 45.Ra8 Rc1 46.Ra7+ Bd7 47.Bd3 Kd6 48.Ra2 
Re1+ 49.Kf2 Rh1 50.Kg3 Rd1 51.Be2 Rd4 52.Ra5 h5 53.Bf1 Rb4 54.Bd3 c5 55.
Ra6+ Kd5 56.Rg6 c4 57.Rxg7 Kd6 58.Rg6+ Kc5 59.Bc2 Rb2 60.Bxf5 Bxf5 61.Rg5 
c3 62.Rxf5+ Kd4 63.Rf8 Rb5 64.Rd8+ Rd5 65.Ra8 c2 66.Ra1 0-1

[Event "26th EUR-ch"]
[Site "Katowice POL"]
[Date "2026.04.14"]
[Round "7.91"]
[White "Ljepic, Andrej"]
[Black "Kucza, Karol"]
[Result "0-1"]
[WhiteElo "2446"]
[BlackElo "2319"]
[EventDate "2026.04.07"]
[PlyCount "56"]

1.c4 e6 2.e4 d5 3.exd5 exd5 4.cxd5 Qxd5 5.Nc3 Qa5 6.Bc4 Nc6 7.d4 Bb4 8.Ne2
Nf6 9.O-O O-O 10.Bf4 Bg4 11.Qb3 Rae8 12.a3 Bxc3 13.Nxc3 Nxd4 14.Qxb7 Qf5 
15.Be3 Bf3 16.gxf3 Nxf3+ 17.Kh1 Qh3 18.Qxc7 Re5 19.Bf4 Ng4 20.Rad1 g5 21.
Bg3 Ngxh2 22.Bxf7+ Rxf7 23.Rd8+ Rf8 24.Qc4+ Re6 25.Rxf8+ Kxf8 26.Qc8+ Kf7 
27.Qd7+ Kg6 28.Qd3+ Kh6 0-1

[Event "26th EUR-ch"]
[Site "Katowice POL"]
[Date "2026.04.14"]
[Round "7.92"]
[White "Bakhmatskyi, Vladyslav"]
[Black "Lyakh, Vasiliy"]
[Result "1-0"]
[WhiteElo "2442"]
[BlackElo "2314"]
[EventDate "2026.04.07"]
[PlyCount "77"]

1.e4 c5 2.Nf3 d6 3.d4 cxd4 4.Nxd4 Nf6 5.Nc3 a6 6.Be3 e5 7.Nb3 Be6 8.f3 h5 
9.Qd2 Nbd7 10.Nd5 Nxd5 11.exd5 Bf5 12.Be2 Rc8 13.Rc1 Be7 14.O-O h4 15.Na5 
Qc7 16.b4 Qb8 17.c4 Bg6 18.c5 dxc5 19.d6 Qxd6 20.Qxd6 Bxd6 21.Nxb7 Be7 22.
Bxa6 Rc6 23.Be2 O-O 24.bxc5 Ra8 25.Bb5 Rc7 26.a4 Nf6 27.c6 Nd5 28.Bf2 Bf5 
29.Rfd1 Be6 30.Nc5 Bg5 31.Nxe6 fxe6 32.Rc5 Kf7 33.Re1 Kf6 34.Rc4 Rh8 35.
Rce4 h3 36.Rxe5 hxg2 37.Rxe6+ Kf7 38.Bc4 Rd8 39.R6e5 1-0

[Event "26th EUR-ch"]
[Site "Katowice POL"]
[Date "2026.04.14"]
[Round "7.93"]
[White "Jakubowski, Krzysztof"]
[Black "Heimisson, Hilmir Freyr"]
[Result "1-0"]
[WhiteElo "2434"]
[BlackElo "2297"]
[EventDate "2026.04.07"]
[PlyCount "99"]

1.e4 e5 2.Nf3 Nc6 3.d4 exd4 4.Nxd4 Bc5 5.Nb3 Bb6 6.Qe2 Nge7 7.Nc3 O-O 8.
Be3 d6 9.O-O-O f5 10.g3 fxe4 11.Nxe4 Nf5 12.Bxb6 axb6 13.Nc3 Kh8 14.Bg2 
Qf6 15.Rhe1 Na5 16.Nd2 c6 17.Nde4 Qh6+ 18.f4 d5 19.Ng5 Bd7 20.b3 Qd6 21.
Nb1 d4 22.Qh5 Nh6 23.Ne4 Qb4 24.Nf2 Bf5 25.Qe2 Bg6 26.Nd3 Qd6 27.Ne5 c5 
28.Be4 Bxe4 29.Qxe4 Nc6 30.a4 b5 31.axb5 Nb4 32.Nc4 Qf6 33.Qe6 Qd8 34.Nba3
Nf5 35.Kb2 Nd5 36.b6 Rf6 37.Qe5 Nxb6 38.Qxc5 Rc8 39.Qe5 Nd7 40.Qb5 Nc5 41.
Re5 d3 42.c3 Nd4 43.cxd4 Qxd4+ 44.Kb1 Rfc6 45.Na5 Re6 46.Qc4 Qd7 47.Rxc5 
Rd8 48.Qxd3 Qxd3+ 49.Rxd3 Re1+ 50.Kc2 1-0

[Event "26th EUR-ch"]
[Site "Katowice POL"]
[Date "2026.04.14"]
[Round "7.94"]
[White "Karpus, Michal"]
[Black "Prokofiev, Valentyn"]
[Result "0-1"]
[WhiteElo "2243"]
[BlackElo "2433"]
[EventDate "2026.04.07"]
[PlyCount "56"]

1.e4 c5 2.Nf3 Nc6 3.d4 cxd4 4.Nxd4 Nf6 5.Nc3 d6 6.Bg5 Bd7 7.Qd2 Rc8 8.
O-O-O Nxd4 9.Qxd4 Qa5 10.Bxf6 gxf6 11.f4 Qc5 12.Qd2 f5 13.e5 Bg7 14.exd6 
e6 15.Nb5 O-O 16.Nc7 Rfd8 17.b4 Qb6 18.Bc4 Ba4 19.Rhe1 Qc6 20.Qe2 Rxd6 21.
Bb5 Qc3 22.Rxd6 Qb2+ 23.Kd1 Qb1+ 24.Kd2 Qxb4+ 25.Ke3 Qxd6 26.Bxa4 Qd4+ 27.
Kf3 Qxa4 28.Nb5 a6 0-1

[Event "26th EUR-ch"]
[Site "Katowice POL"]
[Date "2026.04.14"]
[Round "7.95"]
[White "Tulchynskyi, Feliks"]
[Black "Lymar, Vladislav"]
[Result "1-0"]
[WhiteElo "2432"]
[BlackElo "2289"]
[EventDate "2026.04.07"]
[PlyCount "59"]

1.e4 c6 2.Nf3 d5 3.exd5 cxd5 4.Ne5 Nf6 5.d4 e6 6.Nd2 Bd6 7.f4 Nc6 8.c3 Ne7
9.Bd3 Nf5 10.g4 Nh4 11.Qe2 Nd7 12.Nf1 f6 13.Nf3 Nxf3+ 14.Qxf3 Nf8 15.Ng3 
Bd7 16.f5 e5 17.Qxd5 Bc6 18.Bb5 Qd7 19.Bxc6 bxc6 20.Qc4 exd4 21.cxd4 Bxg3+
22.hxg3 Qd5 23.Qxd5 cxd5 24.Bf4 Nd7 25.Rc1 O-O 26.Rc7 Nb6 27.b3 Rfe8+ 28.
Kd2 Re4 29.Kd3 Ree8 30.g5 1-0

[Event "26th EUR-ch"]
[Site "Katowice POL"]
[Date "2026.04.14"]
[Round "7.96"]
[White "Noy, Eyal"]
[Black "Davtian, Arsen"]
[Result "0-1"]
[WhiteElo "2300"]
[BlackElo "2430"]
[EventDate "2026.04.07"]
[PlyCount "66"]

1.d4 Nf6 2.c4 e6 3.g3 d5 4.Bg2 Bb4+ 5.Nd2 O-O 6.Nf3 b6 7.O-O Bb7 8.b3 Nbd7
9.Bb2 Ne4 10.Qc2 f5 11.a3 Bd6 12.Ne5 Nxd2 13.Qxd2 Bxe5 14.dxe5 c6 15.Rad1 
Qe7 16.Qc3 Rac8 17.Rd2 Nc5 18.f3 a5 19.e4 fxe4 20.fxe4 Rxf1+ 21.Kxf1 a4 
22.Qe3 Nxb3 23.Rf2 d4 24.Bxd4 Qxa3 25.Bh3 Qe7 26.Bxb6 c5 27.Qd3 Nd4 28.Qa3
Bxe4 29.Qxa4 Qb7 30.Rb2 Bc2 31.Rxc2 Qh1+ 32.Kf2 Rf8+ 33.Ke3 Qe1+ 0-1

[Event "26th EUR-ch"]
[Site "Katowice POL"]
[Date "2026.04.14"]
[Round "7.97"]
[White "Akhvlediani, Irakli"]
[Black "Schippke, Manon"]
[Result "1/2-1/2"]
[WhiteElo "2429"]
[BlackElo "2269"]
[EventDate "2026.04.07"]
[PlyCount "80"]

1.Nf3 Nf6 2.g3 g6 3.b3 d5 4.Bb2 c5 5.c4 d4 6.b4 Nc6 7.bxc5 e5 8.d3 Bg7 9.
Nbd2 Qa5 10.Bg2 O-O 11.O-O Qxc5 12.Qa4 Re8 13.Ba3 Qb6 14.Rab1 Qc7 15.Ng5 
Bd7 16.Nge4 Nxe4 17.Nxe4 Nd8 18.Qb4 Re6 19.Nd6 Rb8 20.Nb5 Bxb5 21.cxb5 a6 
22.Rfc1 Qd7 23.b6 Nc6 24.Qa4 Rc8 25.Rc4 Bh6 26.Rb2 Rf6 27.Rbc2 Qf5 28.Bf3 
Rb8 29.Kg2 Bf8 30.Bxf8 Kxf8 31.Rc1 Kg7 32.Rf1 Nd8 33.Qb4 Ne6 34.h3 h5 35.
Be4 Qg5 36.h4 Qg4 37.f3 Nf4+ 38.Kf2 Nh3+ 39.Kg2 Nf4+ 40.Kf2 Nh3+ 1/2-1/2

[Event "26th EUR-ch"]
[Site "Katowice POL"]
[Date "2026.04.14"]
[Round "7.98"]
[White "Makkar, Rajat"]
[Black "Lehaci, Miruna-Daria"]
[Result "1-0"]
[WhiteElo "2422"]
[BlackElo "2258"]
[EventDate "2026.04.07"]
[PlyCount "89"]

1.e4 e6 2.d3 d5 3.Qe2 Be7 4.g3 b6 5.Bg2 Bb7 6.Nf3 Nf6 7.e5 Nfd7 8.O-O c5 
9.a4 Nc6 10.c3 g5 11.h3 h5 12.g4 hxg4 13.hxg4 Nf8 14.Na3 Ng6 15.d4 c4 16.
Be3 a6 17.Rfb1 Na5 18.Nd2 Bc6 19.Nc2 b5 20.axb5 axb5 21.Ra2 Kd7 22.Rba1 
Qb6 23.Nb4 Bb7 24.Qf3 Nh4 25.Qxf7 Raf8 26.Qg7 Rfg8 27.Qf7 Rf8 28.Qg7 Rfg8 
29.Qxg8 Rxg8 30.Rxa5 Bxb4 31.cxb4 Ng6 32.Nb1 Ne7 33.Nc3 Bc6 34.Ra7+ Bb7 
35.Ne4 Rb8 36.R1a6 Qc7 37.Nc5+ Ke8 38.Rxe6 Kf8 39.Rb6 Qc8 40.e6 Bc6 41.
Nd7+ Bxd7 42.exd7 Qd8 43.Re6 Kf7 44.Rxe7+ Qxe7 45.d8=N+ 1-0

[Event "26th EUR-ch"]
[Site "Katowice POL"]
[Date "2026.04.14"]
[Round "7.99"]
[White "Tadic, Stefan"]
[Black "Boci, Mateu"]
[Result "1-0"]
[WhiteElo "2421"]
[BlackElo "2256"]
[EventDate "2026.04.07"]
[PlyCount "97"]

1.e4 c5 2.Nf3 Nc6 3.Bb5 d6 4.O-O Nf6 5.e5 Nd5 6.d4 Nc7 7.Bxc6+ bxc6 8.dxc5
Ba6 9.Re1 dxc5 10.Nc3 Ne6 11.Ng5 Qxd1 12.Nxd1 Nxg5 13.Bxg5 e6 14.Nc3 Bc4 
15.Re4 Bd5 16.Ra4 a6 17.b3 h6 18.Be3 g5 19.Re1 Rg8 20.f3 h5 21.Ne2 g4 22.
Kf2 gxf3 23.gxf3 Bg7 24.Rg1 O-O-O 25.c4 Bxe5 26.Rxg8 Rxg8 27.cxd5 cxd5 28.
Bxc5 Bxh2 29.Rxa6 Kb7 30.Ra7+ Kc6 31.Be3 e5 32.Rxf7 d4 33.Bd2 d3 34.Nc1 
Rd8 35.Rf6+ Kb7 36.Rf7+ Kc6 37.Rf6+ Kb7 38.Rh6 Bf4 39.Rh7+ Kc6 40.Ke1 Bg3+
41.Kd1 h4 42.Bg5 Rf8 43.Bxh4 Rxf3 44.Bxg3 Rxg3 45.Re7 Kc5 46.Kd2 Kd4 47.
Rd7+ Ke4 48.Rxd3 Rg2+ 49.Ne2 1-0

[Event "26th EUR-ch"]
[Site "Katowice POL"]
[Date "2026.04.14"]
[Round "7.100"]
[White "Piliposian, Robert"]
[Black "Prisacaru, Stefan-Emilian"]
[Result "1-0"]
[WhiteElo "2420"]
[BlackElo "2243"]
[EventDate "2026.04.07"]
[PlyCount "59"]

1.d4 d5 2.c4 e6 3.Nc3 Nf6 4.cxd5 exd5 5.Bg5 Bb4 6.e3 h6 7.Bh4 Nbd7 8.Bd3 
Bxc3+ 9.bxc3 c5 10.Ne2 Qa5 11.O-O b6 12.f3 Ba6 13.e4 Bxd3 14.Qxd3 c4 15.
Qc2 O-O 16.e5 Nh7 17.f4 Rfe8 18.f5 Ndf8 19.Nf4 Rac8 20.Rf3 Ng5 21.Bxg5 
hxg5 22.Nh5 Rc6 23.f6 g6 24.Ng7 Rec8 25.Qc1 Nh7 26.Rh3 b5 27.Nf5 gxf5 28.
Rxh7 f4 29.Rh5 Re6 30.Qc2 1-0

[Event "26th EUR-ch"]
[Site "Katowice POL"]
[Date "2026.04.14"]
[Round "7.101"]
[White "Zalega, Maciej"]
[Black "Narva, Mai"]
[Result "0-1"]
[WhiteElo "2233"]
[BlackElo "2411"]
[EventDate "2026.04.07"]
[PlyCount "64"]

1.d4 Nf6 2.c4 e6 3.Nc3 Bb4 4.f3 d5 5.a3 Bxc3+ 6.bxc3 c5 7.e3 Nc6 8.cxd5 
exd5 9.Bd3 O-O 10.Ne2 Re8 11.O-O a5 12.a4 cxd4 13.exd4 b6 14.Rb1 Ba6 15.
Bxa6 Rxa6 16.Qd3 Ra8 17.Ng3 Re6 18.Bf4 Ne7 19.Rfe1 Rxe1+ 20.Rxe1 Ng6 21.
Bg5 h6 22.Bxf6 Qxf6 23.Qb5 Nf4 24.Re5 Rc8 25.Nf5 Rxc3 26.g3 Rc1+ 27.Kf2 
Rc2+ 28.Kf1 Ng6 29.Re8+ Kh7 30.Qxd5 Rxh2 31.Qe4 Qg5 32.Kg1 Qd2 0-1

[Event "26th EUR-ch"]
[Site "Katowice POL"]
[Date "2026.04.14"]
[Round "7.102"]
[White "Fus, Jakub"]
[Black "Hnatyshyn, Anastasiia"]
[Result "1-0"]
[WhiteElo "2410"]
[BlackElo "2164"]
[EventDate "2026.04.07"]
[PlyCount "63"]

1.e4 c5 2.Nf3 Nc6 3.Bb5 g6 4.O-O Bg7 5.Bxc6 dxc6 6.d3 b6 7.h3 Nf6 8.Re1 
Nd7 9.e5 Nf8 10.Nc3 h6 11.Ne4 Be6 12.b3 g5 13.Ng3 Ng6 14.Nh5 Kf8 15.Bb2 g4
16.Nxg7 Kxg7 17.hxg4 Bxg4 18.Re4 h5 19.Qf1 Bf5 20.e6+ f6 21.Re3 h4 22.d4 
h3 23.g3 h2+ 24.Kh1 cxd4 25.Nxd4 Bh3 26.Qd3 c5 27.Nf5+ Kf8 28.Qe4 Bxf5 29.
Qxf5 Qe8 30.Rd1 Qc6+ 31.Re4 Rh5 32.Qxg6 1-0

[Event "26th EUR-ch"]
[Site "Katowice POL"]
[Date "2026.04.14"]
[Round "7.103"]
[White "Agdelen, Huseyin Can"]
[Black "Pietruszewski, Marcin"]
[Result "1-0"]
[WhiteElo "2405"]
[BlackElo "2127"]
[EventDate "2026.04.07"]
[PlyCount "111"]

1.e4 c6 2.d4 d5 3.e5 Bf5 4.Nf3 e6 5.Be2 Ne7 6.O-O c5 7.dxc5 Nec6 8.c4 dxc4
9.Qxd8+ Nxd8 10.Be3 Nd7 11.Na3 Bxc5 12.Bxc5 Nxc5 13.Nxc4 Nc6 14.Nd6+ Ke7 
15.Bb5 Bd3 16.Rfc1 Bxb5 17.Rxc5 Ba6 18.b4 Be2 19.Nxb7 Bxf3 20.gxf3 Rhb8 
21.Rxc6 Rxb7 22.Rd1 Rd8 23.Rxd8 Kxd8 24.a3 g5 25.Rc5 Rc7 26.Ra5 Kc8 27.Kg2
Kb7 28.Rb5+ Ka6 29.a4 Rc4 30.Rb8 Rf4 31.Kg3 h6 32.h3 Rh4 33.b5+ Ka5 34.Ra8
Kb6 35.a5+ Kxa5 36.Rxa7+ Kxb5 37.Rxf7 Kc6 38.f4 Rxf4 39.Rxf4 gxf4+ 40.Kxf4
Kd5 41.h4 Kd4 42.Kg4 Kxe5 43.Kh5 Kf6 44.Kxh6 e5 45.h5 e4 46.Kh7 Kf7 47.h6 
Kf8 48.Kg6 Kg8 49.Kf5 Kh7 50.Kxe4 Kxh6 51.Kf5 Kg7 52.Ke6 Kg6 53.f4 Kg7 54.
f5 Kf8 55.Kf6 Kg8 56.Ke7 1-0

[Event "26th EUR-ch"]
[Site "Katowice POL"]
[Date "2026.04.14"]
[Round "7.104"]
[White "Antolak, Julia"]
[Black "Turski, Bartlomiej"]
[Result "1/2-1/2"]
[WhiteElo "2223"]
[BlackElo "2404"]
[EventDate "2026.04.07"]
[PlyCount "24"]

1.e4 c6 2.d4 d5 3.Nd2 dxe4 4.Nxe4 Nf6 5.Nxf6+ exf6 6.c3 Bd6 7.Bd3 O-O 8.
Ne2 Re8 9.O-O Nd7 10.Ng3 Nf8 11.f4 Qc7 12.Qf3 c5 1/2-1/2

[Event "26th EUR-ch"]
[Site "Katowice POL"]
[Date "2026.04.14"]
[Round "7.105"]
[White "Cukrowski, Filip"]
[Black "Gbiorczyk, Mikolaj"]
[Result "1-0"]
[WhiteElo "2400"]
[BlackElo "2116"]
[EventDate "2026.04.07"]
[PlyCount "81"]

1.d4 d5 2.c4 c6 3.Nc3 Nf6 4.Nf3 e6 5.e3 Nbd7 6.Bd3 dxc4 7.Bxc4 b5 8.Be2 
Bb7 9.a3 b4 10.axb4 Bxb4 11.O-O O-O 12.Na4 c5 13.dxc5 Nxc5 14.Bd2 Qa5 15.
Bxb4 Qxb4 16.Qd4 Qxd4 17.Nxd4 Rfc8 18.Nxc5 Rxc5 19.b4 Rcc8 20.b5 Nd5 21.
Rfe1 g6 22.Bf1 Nc7 23.Reb1 a6 24.b6 Nd5 25.Nb3 Rab8 26.Na5 Rc5 27.Nc4 Rb5 
28.Ne5 Nc3 29.Bxb5 Nxb1 30.Bxa6 Ra8 31.Rxb1 Rxa6 32.f3 Ra5 33.Nd7 Kg7 34.
Rc1 Rb5 35.Rc7 Ba6 36.h4 Rb2 37.Kh2 Bb5 38.Nc5 Bf1 39.b7 Rxg2+ 40.Kh1 Rb2 
41.Nd7 1-0

[Event "26th EUR-ch"]
[Site "Katowice POL"]
[Date "2026.04.14"]
[Round "7.106"]
[White "Zanan, Evgeny"]
[Black "Liskiewicz, Jakub"]
[Result "1-0"]
[WhiteElo "2497"]
[BlackElo "2280"]
[EventDate "2026.04.07"]
[PlyCount "63"]

1.e4 c6 2.d4 d5 3.e5 Bf5 4.Bd3 Bxd3 5.Qxd3 e6 6.Ne2 c5 7.c3 Nc6 8.O-O Qb6 
9.a3 a5 10.a4 Qa6 11.Qd1 Nge7 12.Na3 Nf5 13.Nb5 Rc8 14.Ng3 Nxg3 15.fxg3 
Be7 16.Qg4 g6 17.Bh6 cxd4 18.cxd4 Na7 19.Nc3 Qb6 20.Qf4 Kd7 21.Qxf7 Qxd4+ 
22.Kh1 Nc6 23.Rad1 Qb4 24.Bg7 Rhe8 25.Bf6 Qb3 26.Nxd5 exd5 27.Rxd5+ Kc7 
28.Rd7+ Kxd7 29.Qxb3 Kc7 30.Qf7 Kb6 31.Qxh7 Rf8 32.Qxg6 1-0